000 00747nam a2200253Ia 4500
003 OSt
005 20220918163806.0
006 a|||||r|||| 00| 0
007 ta
008 220917b |||||||| |||| 00| 0 eng d
020 _a0300024614
024 _a25,886
037 _cTextual
040 _aARTS
_cARTS
_beng
041 _2eng
_aeng
082 _aO111,2:g(S:51), M0
100 _aReiss Tomothy J.
_915411
245 0 _aTragedy and truth
_bStudies in the development of a renaissance and neoclassical discourse
260 _aN Haven
_bHeaven Yale Univ
_c1980
300 _ax, 334p.
_ccm.
650 _aENGLISH LITERATURE
942 _hO111,2:g(S:51), M0
_cTEXL
_2CC
999 _c121570
_d121570